• 首页
  • 本馆介绍
  • 公告通知
  • 最新文献
  • 馆藏检索
  • 电子资源
  • 读者导购
  • 参考咨询
  • 我的图书馆
  • 登录
  • 详细信息显示
  • 放入我的书架
  • 预约/预借图书
  • 作者相关作品
  • 分类相关作品
  • 丛书相关作品
  • 出版社相关作品

书目信息

  • 表格格式
  • 工作单格式
  • 卡片格式
题名:
质量管理常用统计方法及其应用
    
 
作者: 王祥君 , 韩耀斌 编
分册:  
出版信息: 沈阳   辽宁人民出版社  1980
页数: 243页
开本: 19cm
丛书名:
单 册:
中图分类: F406.3
科图分类:
主题词: 工业企业管理:质量管理-统计方法 , 统计方法-工业企业管理:质量管理 , 质量管理:工业企业管理-统计方法
电子资源:
ISBN:
000 00801nam0 2200265 45
001 0180002555
005 20060809152345.68
010    @dCNY0.58
091    @aCN@b4090.21
100    @a19950626d1980 em y0chiy0121 ea
101 0  @achi
102    @aCN@b210000
105    @ay z 000yy
200 10 @a质量管理常用统计方法及其应用@Azhi liang guan li chang yong tong ji fang fa ji qi ying yong@f韩耀斌,王祥君编
210    @a沈阳@c辽宁人民出版社@d1980
215    @a243页@d19cm
606    @a工业企业管理:质量管理-统计方法
606    @a统计方法-工业企业管理:质量管理
606    @a质量管理:工业企业管理-统计方法
690    @aF406.3@v3
701  0 @a王祥君@Awang xiang jun@4编
701  0 @a韩耀斌@Ahan yao bin@4编
801  2 @aCN@bNLC@c20060809
801  0 @aCN@bTSSF
905    @a10447@dF406.3@e136
    
    质量管理常用统计方法及其应用/韩耀斌,王祥君编.-沈阳:辽宁人民出版社,1980
    243页;19cm
    
    
    ISBN :CNY0.58
    
●
相关链接 在E读中查询图书 在五车中查询图书 在当当中查询图书 在豆瓣中查询图书


正题名:质量管理常用统计方法及其应用     索取号:F406.3/136         预约/预借

序号 登录号 条形码 馆藏地/架位号 状态 备注
1 0447987   204479876   密集书库/ [索取号:F406.3/136] 在馆    
2 0447988   204479885   密集书库/ [索取号:F406.3/136] 在馆    
唐山师范学院图书馆 欢迎您!
大连网信软件有限公司© 版权所有